| 000 | 00733nam a2200205 a 4500 | ||
|---|---|---|---|
| 001 | 000016578 | ||
| 005 | 20240830200233.0 | ||
| 008 | 100308s1991 dr a 000 0 spa d | ||
| 040 |
_aDO-SdBNP _bspa _cBNPHU |
||
| 082 |
_a617.1027 _bR457m |
||
| 100 | 1 |
_aReyes C., Roberto _936864 |
|
| 245 | 1 | 0 |
_aMedicina deportiva : _bbases fisiológicas de la educación física y los deportes / _cRoberto Reyes C. ; prólogo Faisal Abel. |
| 260 |
_aSanto Domingo : _bOffset Serigrafía Rodríguez, _c1991. |
||
| 300 |
_a245 p. : _bil. ; _c22 cm. |
||
| 504 | _aBibliografía: p. 245. | ||
| 590 | _aInventariado,2018/DG | ||
| 650 | 0 |
_aMedicina deportiva _936865 |
|
| 700 | 1 |
_aAbel, Faisal _epról. _936866 |
|
| 910 | _aValidado. Control de calidad EMS | ||
| 999 |
_c16111 _d16111 |
||